000 00790nam a22001697a 4500
008 140924b xxu||||| |||| 00| 0 eng d
020 _a9780406047762
050 _aKD310.H346
245 _aHalsbury's laws of England : Income taxation, 2002 vol. 23 (2). /
_cedited by Lord Mackay.
250 _a4th ed.
260 _aLondon :
_bButterworths ,
_c2013.
300 _a981p. :
_c26cm.
440 _pIncome taxation.
_vvol.23 (2)
500 _aIncludes index.
505 _aContents: Income taxation: Introduction -- Commissioners, inspectors and collectors of taxes -- Schedule A and associated charges -- Schedule D generally: Cases 1 and 2 -- Capital allowances -- Cases 3 to 4 of schedule D -- Schedule E -- Sub-construction industry -- Taxation of companies -- Index.
942 _2lcc
_cBK
999 _c5246
_d12746